Aleix Clapés : l'enigmàtic pintor de Güell i Gaudí : exposició i llibre l'enigmàtic pintor de Güell i Gaudí : exposició i llibre
Descripción Física:
1 punt de llibre : il·lustracions ; 20 x 7 cm
Materias:
Clapés i Puig, Aleix, -- 1846-1920
; Palau Güell (Barcelona) -- Exposicions
; Punts de llibre
Idioma:
Catalán
MARC
| LEADER | 00000nrm a2200000 a 4500 | ||
|---|---|---|---|
| 001 | 25400 | ||
| 003 | Arxiu | ||
| 005 | 20260324181104.0 | ||
| 008 | 220505b spa||||| |||| 00| 0 cat d | ||
| 017 | |a DL B 7302-2021 | ||
| 040 | |a NBM-13-70 | ||
| 245 | |a Aleix Clapés : |b l'enigmàtic pintor de Güell i Gaudí : exposició i llibre | ||
| 260 | |a Barcelona : |b Palau Güell, |c 2021 | ||
| 300 | |a 1 punt de llibre : |b il·lustracions ; |c 20 x 7 cm | ||
| 600 | 1 | 0 | |9 52786 |a Clapés i Puig, Aleix, |d 1846-1920 |
| 610 | 2 | 0 | |a Palau Güell (Barcelona) |v Exposicions |9 52787 |
| 655 | 0 | |a Punts de llibre |9 52700 | |
| 710 | 2 | |a Palau Güell (Barcelona) |9 17034 | |
| 942 | |2 udc |c ARXIU |n 1 | ||
| 952 | |0 0 |1 0 |4 0 |6 NBM1370 |7 1 |9 61483 |a Arxiu |b Arxiu |d 2022-05-05 |l 0 |o NBM-13-70 |p 25400 |r 2022-05-05 00:00:00 |w 2022-05-05 |y ARXIU | ||
| 999 | |c 81436 |d 81436 | ||